| 000 | 01091nam a2200229Ia 4500 | ||
|---|---|---|---|
| 001 | 17984 | ||
| 005 | 20260407151822.0 | ||
| 008 | 260306s9999||||xx |||||||||||||| ||und|| | ||
| 041 | _aESP | ||
| 082 |
_a658.3 _bW47A |
||
| 100 |
_aWerther, William B. _eAUT |
||
| 245 | 0 |
_aAdministración de recursos humanos: _bgestión de capital humano |
|
| 260 | _c2014 | ||
| 300 |
_axix, 428 páginas : _c27 cm. |
||
| 650 | _aGEN | ||
| 654 | _aCAN | ||
| 856 |
_uhttps://itmsp.museknowledge.com/UCSP?url=https://www.ebooks7-24.com:443/?il=9242&pg=1 _zVéase además: Administración del capital humano. Versión digital |
||
| 856 |
_uhttps://0u213vhnm-y-https-ebooks7--24-com.itmsp.museknowledge.com/biblioteca.aspx _zVéase además: Base de datos Ebook7-24 |
||
| 856 |
_uhttps://0u20fvhnr-y-https-research-ebsco-com.itmsp.museknowledge.com/c/qxo6us/search _zVéase además: Base de datos EBSCOhost |
||
| 856 |
_uhttps://0u20vvho6-y-https-ebookcentral-proquest-com.itmsp.museknowledge.com/lib/catolicasp/home.action _zVéase además: Base de datos ProQuest Ebook Central |
||
| 942 |
_cLIB _dJUS _fJUS _2ddc |
||
| 999 |
_c17984 _d17984 |
||